Loading...

Free-lancing (a guide to journalism)

Bibliographic Details
Main Author: Murthi, R K
Format: Printed Book
Published: New Delhi, Reliance Publishing 1989
Subjects:
LEADER 004650000a22001570004500
020 |a 81-85047-37-5 
082 |a 070 M9 
100 |a Murthi, R K 
245 |a Free-lancing (a guide to journalism) 
260 |a New Delhi, Reliance Publishing 
260 |c 1989 
465 |a R 200 
650 |a Journalism 
942 |c BK 
999 |c 14563  |d 14563 
952 |0 0  |1 0  |4 0  |6 070_000000000000000_M9  |7 0  |8 ENG  |9 14365  |a MGUL  |b MGUL  |d 2013-07-16  |e R 200  |l 0  |o 070 M9  |p 05289  |r 2013-07-16  |w 2013-07-16  |y BK